Adivina las banderas de los municipios de Sevilla - Estadísticas

Estadísticas generales
  • Esta prueba ha sido intentada 111 veces
    74 desde el último reinicio
  • La puntuación promedio es 23 de 107
Estadísticas de respuestas
Imagen Respuesta % Correcto
Sevilla
100%
El Cuervo de Sevilla
67%
Sanlúcar la Mayor
63%
Castilleja de la Cuesta
58%
Mairena del Aljarafe
58%
Marinaleda
54%
Dos Hermanas
50%
Villaverde del Río
50%
Carmona
46%
Gerena
46%
Villamanrique de la Condesa
46%
El Madroño
42%
Los Palacios y Villafranca
42%
El Coronil
38%
La Puebla de los Infantes
38%
Benacazón
33%
Cantillana
33%
El Saucejo
33%
La Campana
33%
La Puebla del Río
33%
Santiponce
33%
Coria del Río
29%
Écija
29%
Fuentes de Andalucía
29%
Guadalcanal
29%
Mairena del Alcor
29%
Olivares
29%
Valencina de la Concepción
29%
Alcalá de Guadaíra
25%
Castilblanco de los Arroyos
25%
Constantina
25%
El Castillo de las Guardas
25%
El Real de la Jara
25%
Herrera
25%
Osuna
25%
Palomares del Río
25%
Pedrera
25%
Pilas
25%
El Pedroso
21%
La Rinconada
21%
Las Cabezas de San Juan
21%
Montellano
21%
San Juan de Aznalfarache
21%
Aguadulce
17%
Alanís
17%
Albaida del Aljarafe
17%
Almensilla
17%
Casariche
17%
El Rubio
17%
El Viso del Alcor
17%
Isla Mayor
17%
La Puebla de Cazalla
17%
Marchena
17%
Morón de la Frontera
17%
Salteras
17%
San Nicolás del Puerto
17%
Tomares
17%
Utrera
17%
Alcalá del Río
13%
Algámitas
13%
Bormujos
13%
Burguillos
13%
Camas
13%
Carrión de los Céspedes
13%
Cazalla de la Sierra
13%
Coripe
13%
El Garrobo
13%
El Palmar de Troya
13%
El Ronquillo
13%
Espartinas
13%
Estepa
13%
Guillena
13%
La Luisiana
13%
Las Navas de la Concepción
13%
Lebrija
13%
Lora de Estepa
13%
Lora del Río
13%
Paradas
13%
Pruna
13%
Tocina
13%
Umbrete
13%
Villanueva del Ariscal
13%
Villanueva del Río y Minas
13%
Villanueva de San Juan
13%
Alcolea del Río
8%
Almadén de la Plata
8%
Arahal
8%
Aznalcázar
8%
Aznalcóllar
8%
Badolatosa
8%
Bollullos de la Mitación
8%
Brenes
8%
Cañada Rosal
8%
Castilleja de Guzmán
8%
Castilleja del Campo
8%
Gelves
8%
Gilena
8%
Gines
8%
Huévar del Aljarafe
8%
La Algaba
8%
Lantejuela
8%
La Roda de Andalucía
8%
Los Corrales
8%
Los Molares
8%
Marismillas
8%
Martín de la Jara
8%
Peñaflor
8%
No se encontraron pruebas coincidentes
Distribución de puntuación
Porcentaje de gente con cada puntuación
Porcentaje por número respondido
Historial de tus puntuaciones
No has intentado esta prueba desde el último reinicio